Molly is new / (Record no. 5899)
[ view plain ]
| 000 -LEADER | |
|---|---|
| fixed length control field | 01432nam a22003017a 4500 |
| 001 - CONTROL NUMBER | |
| control field | 5899 |
| 003 - CONTROL NUMBER IDENTIFIER | |
| control field | FISKH |
| 005 - DATE AND TIME OF LATEST TRANSACTION | |
| control field | 20250131103833.0 |
| 008 - FIXED-LENGTH DATA ELEMENTS--GENERAL INFORMATION | |
| fixed length control field | 250131b cb ||||| |||| 00| 0 eng d |
| 020 ## - INTERNATIONAL STANDARD BOOK NUMBER | |
| International Standard Book Number | 9781840896589 |
| 040 ## - CATALOGING SOURCE | |
| Original cataloging agency | FISKH |
| Language of cataloging | eng |
| Transcribing agency | FISKH |
| Modifying agency | FISKH |
| 050 ## - LIBRARY OF CONGRESS CALL NUMBER | |
| Classification number | PZ7. |
| 082 ## - DEWEY DECIMAL CLASSIFICATION NUMBER | |
| Classification number | 823.92 |
| 100 ## - MAIN ENTRY--PERSONAL NAME | |
| Personal name | Turpin, Nick |
| Dates associated with a name | (1969-) |
| 245 ## - TITLE STATEMENT | |
| Title | Molly is new / |
| Statement of responsibility, etc. | by Bick Turpin ; illustrated by Silvia Raga |
| 250 ## - EDITION STATEMENT | |
| Edition statement | This edition published in 2010 |
| 260 ## - PUBLICATION, DISTRIBUTION, ETC. | |
| Place of publication, distribution, etc. | London : |
| Name of publisher, distributor, etc. | Zero to Ten, |
| Date of publication, distribution, etc. | 2005. |
| 300 ## - PHYSICAL DESCRIPTION | |
| Extent | 28 unnumbered pages : |
| Other physical details | color illustrations ; |
| Dimensions | 27 cm |
| 505 ## - FORMATTED CONTENTS NOTE | |
| Formatted contents note | G<br/> |
| 520 ## - SUMMARY, ETC. | |
| Summary, etc. | Twisters is a great new series of first reading books made up of real stories with a beginning, a middle and an end, and turn-the-page appeal. The stories don't exceed 50 words, and are ideal for first readers, covering a range of genres to support literacy requirements at foundation stage. These include humorous stories, fantasy stories, rhyming stories and stories from a range of cultures. They are accompanied by bright, colour pictures, which will reassure the most reluctant of readers and help develop visual literacy skills. Bright and fun to read, this series will be loved by all children |
| 521 8# - TARGET AUDIENCE NOTE | |
| Target audience note | 380<br/> |
| Source | Lexile estimate <br/> |
| 521 8# - TARGET AUDIENCE NOTE | |
| Target audience note | G<br/> |
| Source | Raz-Plus<br/> |
| 650 ## - SUBJECT ADDED ENTRY--TOPICAL TERM | |
| Source of heading or term | Anxious |
| Topical term or geographic name entry element | New student |
| 650 ## - SUBJECT ADDED ENTRY--TOPICAL TERM | |
| Source of heading or term | School |
| Topical term or geographic name entry element | Drawing |
| 700 ## - ADDED ENTRY--PERSONAL NAME | |
| Personal name | Raga, Silvia |
| Dates associated with a name | illustrator |
| 942 ## - ADDED ENTRY ELEMENTS (KOHA) | |
| Source of classification or shelving scheme | Dewey Decimal Classification |
| Koha item type | Books |
| Suppress in OPAC | No |
| Withdrawn status | Lost status | Source of classification or shelving scheme | Damaged status | Not for loan | Collection | Home library | Current library | Shelving location | Date acquired | Total Checkouts | Full call number | Barcode | Date last seen | Date last checked out | Copy number | Price effective from | Koha item type |
|---|---|---|---|---|---|---|---|---|---|---|---|---|---|---|---|---|---|
| Dewey Decimal Classification | Juvenile Fiction | Footprints International School Library Network Toul Kork Campus | Footprints International School Library Network Toul Kork Campus | TK Primary Library Room(4th Floor), Bookcase 1&2, Shelves 1-16, Dark Blue Books | 01/31/2025 | 5 | TUR 823.92 PZ7 | 2025-0120 | 12/10/2025 | 12/03/2025 | 1 | 01/31/2025 | Books |
